01110nam a2200313 k 4500001001300000005001500013008004100028020003500069040001900104049001700123056001300140090002000153100001400173245006700187250002700254260004900281300002000330505017900350653007700529740002600606740001800632740002800650740002400678740002400702740002400726740001100750740002400761950001100785KMO20260244220260519105449260514s2025 ulk 000af kor a9791168342569g03810 :c\17500 a146043c1460430 lEM0000048897 a813.726 a813.7b정45너1 a정보라10a너의 유토피아 :b정보라 소설집 /d정보라 지음 a개정판[실은 2판] a서울 :b래빗홀:b인플루엔셜,c2025 a369 p. ;c20 cm00t영생불사연구소 --t너의 유토피아 --t여행의 끝 --t아주 보통의 결혼 --tOne More Kiss, Dear --t그녀를 만나다 --tMaria, Gratia Plena --t씨앗 a한국문학a한국소설aSFa과학소설a단편소설a유토피아02a영생불사연구소02a여행의 끝02a아주 보통의 결혼02aOne more kiss, dear02a그녀를 만나다02aMaria, gratia plena02a씨앗02a정보라 소설집0 b\17500 |
|---|